प्रेम की भूतकथा / (Record no. 52277)
[ view plain ]
| 000 -LEADER | |
|---|---|
| fixed length control field | 02132nam a22002657a 4500 |
| 005 - DATE AND TIME OF LATEST TRANSACTION | |
| control field | 20110510114545.0 |
| 010 ## - LCCN (DPL NO) | |
| LC control number | B-438222-225 |
| 020 ## - INTERNATIONAL STANDARD BOOK NUMBER | |
| Terms of availability | 150.00 |
| International Standard Book Number | 9788126319749 |
| 035 ## - SYSTEM CONTROL NUMBER | |
| System control number | B-438222-225 |
| 037 ## - SOURCE OF ACQUISITION | |
| Source of stock number/acquisition | Allied Pub. |
| 082 ## - DEWEY DECIMAL CLASSIFICATION NUMBER | |
| Classification number | उ |
| 100 ## - MAIN ENTRY--PERSONAL NAME | |
| Personal name | राय, विभूति नारायण |
| 245 ## - TITLE STATEMENT | |
| Title | प्रेम की भूतकथा / |
| Statement of responsibility, etc | विभूति नारायण राय |
| 260 ## - PUBLICATION, DISTRIBUTION, ETC. (IMPRINT) | |
| Place of publication, distribution, etc | नई दिल्ली |
| Name of publisher, distributor, etc | भारतीय ज्ञानपीठ |
| Date of publication, distribution, etc | 2010 |
| 270 ## - ADDRESS | |
| Address | 18, इंस्टीटयूशनल एरिया, लोदी रोड |
| City | नई दिल्ली |
| Postal code | 110003 |
| 300 ## - PHYSICAL DESCRIPTION | |
| Extent | 144पृ |
| Dimensions | 22सेमी (सजिल्द) |
| 490 ## - SERIES STATEMENT | |
| Series statement | राष्ट्रभारती लोकोदय ग्रन्थमालाःग्रन्थांक;1111/ रविन्द्र कालिया द्वारा संपादित |
| -- | 29316 |
| 650 ## - SUBJECT ADDED ENTRY--TOPICAL TERM | |
| Topical term or geographic name as entry element | हिन्दी कथा साहित्य |
| 942 ## - ADDED ENTRY ELEMENTS (KOHA) | |
| Source of classification or shelving scheme | Dewey Decimal Classification |
| Item type | Hindi Books |
| Call number suffix | रायवि |
| Classification part | उ |
| Withdrawn status | Lost status | Not for loan | Collection code | Home library | Current library | Date acquired | Source of acquisition | Cost, normal purchase price | Full call number | Barcode | Copy number | Cost, replacement price | Koha item type |
|---|---|---|---|---|---|---|---|---|---|---|---|---|---|
| Fiction | Central Library | Central Library | 08/07/2011 | एलाईड पब्लिशर्स/2970/30.3.11/84/24.3.11/31.3.11 | 150.00 | उ रायवि | B-438222 | 2 | 150.00 | Hindi Books | |||
| Fiction | Central Library | Central Library | 08/07/2011 | एलाईड पब्लिशर्स/2970/30.3.11/84/24.3.11/31.3.11 | 150.00 | उ रायवि | B-438223 | 2 | 150.00 | Hindi Books | |||
| Fiction | Patel Nagar | Patel Nagar | 08/07/2011 | एलाईड पब्लिशर्स/2970/30.3.11/84/24.3.11/31.3.11 | 150.00 | उ रायवि | B-438224 | 1 | 150.00 | Hindi Books | |||
| Fiction | Sarojini Nagar | Sarojini Nagar | 08/07/2011 | एलाईड पब्लिशर्स/2970/30.3.11/84/24.3.11/31.3.11 | 150.00 | उ रायवि | B-438225 | 1 | 150.00 | Hindi Books |
